Jocs dansats / Mercè Vilar
Descripción Física:
64 p. : amb partitures ; 22 cm
Colección:
Temes d'infància : educar de 0 a 6 anys ; 6
MARC
| LEADER | 00000nam a2200000Ia 4500 | ||
|---|---|---|---|
| 001 | 8326 | ||
| 008 | 160829s1987 xx 000 0 cat d | ||
| 080 | |a E-1-187 | ||
| 100 | |a Vilar, Mercè |9 29123 | ||
| 245 | |a Jocs dansats / Mercè Vilar | ||
| 260 | |a Barcelona : |b A.A.P.S.A. Rosa Sensat : |b Diputació de Barcelona, |c 1987 | ||
| 300 | |a 64 p. : |b amb partitures ; |c 22 cm | ||
| 490 | |a Temes d'infància : educar de 0 a 6 anys ; 6 | ||
| 590 | |a Acompanya un casset amb R. 18289 | ||
| 650 | |a Jocs infantils |9 29177 | ||
| 650 | |a Danses infantils |9 29125 | ||
| 650 | |a Jocs amb música |9 29126 | ||
| 710 | 1 | |a Barcelona (Catalunya : Província). |b Diputació |9 52408 | |
| 710 | 2 | |a Rosa Sensat (Associació) |9 54183 | |
| 901 | |a Arxiu | ||
| 942 | |n 1 | ||
| 952 | |0 0 |1 0 |4 0 |6 E1187 |7 1 |9 45070 |a Arxiu |b Arxiu |d 2016-12-01 |l 0 |o E-1-187 |p 8326 |r 2016-12-01 00:00:00 |w 2016-12-01 |y ARXIU | ||
| 999 | |c 47690 |d 47690 | ||